|
|
|
|
| LEADER |
00958cam a2200349 a 4500 |
| 001 |
000045170 |
| 003 |
4301 |
| 005 |
20110729091358.0 |
| 008 |
010220b2002 vm 000 eng |
| 020 |
|
|
|a 0072429216 (alk. paper)
|
| 040 |
|
|
|a IRC
|c IRC
|d IRC
|
| 041 |
0 |
|
|a eng
|
| 082 |
1 |
4 |
|a 333.7
|b FI-B
|
| 100 |
1 |
|
|a Field, Barry C.
|
| 245 |
1 |
0 |
|a Environmental economics :
|b an introduction /
|c Barry C. Field, Martha K. Field.
|
| 260 |
|
|
|a Boston :
|b McGraw-Hill/Irwin,
|c 2002.
|
| 300 |
|
|
|a xviii, 510 p. :
|b ill. ;
|c 24 cm.
|
| 630 |
0 |
4 |
|a Environment.
|
| 630 |
0 |
4 |
|a Economics.
|
| 630 |
0 |
4 |
|a Environmental economics.
|
| 650 |
0 |
4 |
|a Environmental economics.
|
| 650 |
0 |
4 |
|a Economic development
|x Environmental aspects.
|
| OWN |
|
|
|a DUT
|
| 999 |
|
|
|a From the UDN01
|
| TYP |
|
|
|a Monograph
|
| TYP |
|
|
|a Printed language
|
| 980 |
|
|
|a Mạng thư viện Đại học Đà Nẵng
|